| 000 | 01999nam0a22003371 4500 | ||
|---|---|---|---|
| 001 | RU\NLR\A1\1528 | ||
| 005 | 20260406025523.0 | ||
| 035 | _a(NLR Aleph) 009671680 | ||
| 090 |
_a9664250 _c9664250 |
||
| 100 | _a19961217d1799 c y0rusy50 ca | ||
| 101 | 0 | _arus | |
| 102 | _aRU | ||
| 140 | _ay y cayaa0000 | ||
| 200 | 1 |
_aКукла Лизаньке или Награжденное прилежание _eДетская драмма _fСочинена Г.Г. |
|
| 210 |
_aВ Санктпетербурге _cИждив. И.Сытина _d[1799] |
||
| 215 |
_a16 с. _d16° |
||
| 316 |
_aЭкз. РНБ (18.167.2.13) в обл. из мрамор. бумаги. На 1-й с. обл. ярлык с шифром РНБ. На 2-й с. обл. ярлык с шифром РНБ и штамп с шифром Мф. На 4-й с. обл. экслибрис рус. фонда РНБ с шифром. _5NLR: 18.167.2.13 |
||
| 321 | 1 | _aСК XVIII 1581 | |
| 325 | 1 | _aВоспроизведен микрофильм. РНБ Репрография: Санкт-Петербург, 2016. Позитив: 21 кадр; микрофильм рулонный; 35мм; монохромный; основа безопасная; эмульсия галогеносеребряная; кратность уменьшения 8; рабочая копия. Негатив: 21 кадр ; 35 мм ; основная страховая копия. | |
| 517 | 1 | _aНагражденное прилежание | |
| 620 | _dСанкт-Петербург | ||
| 700 | 1 |
_4070 _8rus _7ca _aГородчанинов _bГ. Н. _f1772-1852 _gГригорий Николаевич _3RU\NLR\AUTH\77127168 _9110092 |
|
| 702 | 1 |
_4400 _aСытин _bИ. Я. _f1765-1835 _gИван Яковлевич _9138284 _3RU\NLR\AUTH\770138319 |
|
| 790 | 0 |
_6z01700 _aГ.Г. |
|
| 801 | 0 |
_aRU _bNLR _c19961217 |
|
| 852 |
_aNLR _j18.167.2.13 |
||
| 852 |
_aNLR _bМф _jК-1 36180 |
||
| 942 | _cBOOK | ||
| 980 | _aNB | ||
| 980 | _aA1XVIIIv | ||